| 000 | 01131cam a2200289 a 4500 | ||
|---|---|---|---|
| 999 |
_c18569 _d18569 |
||
| 001 | 1109127 | ||
| 005 | 20170113085634.0 | ||
| 008 | 931227s1994 nyua 000 0 eng | ||
| 010 | _a 93048235 | ||
| 020 |
_a0399518592 (acidfree paper) : _c$10.95 ($14.50 Can.) |
||
| 050 | 0 | 0 | _aNC765 .G33 1994 |
| 082 | 0 | 0 |
_a743/.4 _220 |
| 100 | 1 | _aGautier, Dick. | |
| 245 | 1 | 0 |
_aDrawing and cartooning 1,001 figures in action / _cDick Gautier. |
| 260 |
_aNew York : _bBerkley Pub. Group, _cc1994. |
||
| 300 |
_a117 p. : _bill. ; _c28 cm. |
||
| 500 | _a"A Perigee Book." | ||
| 650 | 0 |
_aFigure drawing _xTechnique. |
|
| 650 | 0 |
_aCartooning _xTechnique. |
|
| 740 | 0 | _aDrawing and cartooning one thousand one figures in action. | |
| 942 |
_2lcc _cBOOKS _hNC765 .G33 1994 |
||